000 00861nac a22002417a 4500
001 BR7503568
003 BR-BrBNA
005 20240105113852.0
008 230509b bl.|||m| |||| 00| 0 por d
040 _aBR-BrBNA
_bpor
_cBiblioteca Nacional de Agricultura
072 _aE10; F00
090 _aE10 BR7503568
110 1 _aInstituto Nordestino para o Fomento de Algodao e Oleaginosas, Recife, PE (Brasil)
_96547
245 1 _aAtividades INFAOL 1975 [Instituto Nordestino para o Fomento de Algodao e Oleaginosas, Brasil]
260 3 _aRecife, PE (Brasil):
_c1975.
300 _a49 p.
490 _aRelatorio - Instituto Nordestino para o Fomento de Algodao e Oleaginosas (Brazil)
_v
_x
650 _aALGODAO
650 _aPLANTA OLEAGINOSA
650 _aINSTITUICAO AGRICOLA
909 _a202312
_bLúcia Elande
_c55
_dLúcia Elande
942 _2AGRIS
_n0
_cMS
999 _c266050
_d266050